Central Library OPAC University of Rajshahi

The emergence of the Indian National Congress / (Record no. 26051)

MARC details
000 -LEADER
fixed length control field 00741cam a2200241 4500
001 - CONTROL NUMBER
control field 26051
003 - CONTROL NUMBER IDENTIFIER
rucl marc code BD-RjUL
005 - DATE AND TIME OF LATEST TRANSACTION
control field 20211209050950.0
008 - FIXED-LENGTH DATA ELEMENTS--GENERAL INFORMATION
fixed length control field 140320s1971 ii b 001 0 eng d
020 ## - INTERNATIONAL STANDARD BOOK NUMBER
International Standard Book Number 0706900804
035 ## - SYSTEM CONTROL NUMBER
System control number (BD-RjUL)26121
040 ## - CATALOGING SOURCE
Original cataloging agency DLC
Transcribing agency DLC
Modifying agency DLC
-- BD-RjUL
Language of cataloging eng
041 ## - LANGUAGE CODE
Language code of text/sound track or separate title eng
082 00 - DEWEY DECIMAL CLASSIFICATION NUMBER
Classification number 320.0954
Edition number 23
Author mark and year MEE 1971
100 1# - MAIN ENTRY--PERSONAL NAME
Personal name Mehrotra, S. R.,
Dates associated with a name 1931-
9 (RLIN) 80038
245 14 - TITLE STATEMENT
Title The emergence of the Indian National Congress /
Statement of responsibility, etc. by S. R. Mehrotra.
260 ## - PUBLICATION, DISTRIBUTION, ETC. (IMPRINT)
Place of publication, distribution, etc. Delhi :
Name of publisher, distributor, etc. Vikas Publications,
Date of publication, distribution, etc. c1971.
300 ## - PHYSICAL DESCRIPTION
Pagination vi, 461 p. ;
Size 25 cm.
504 ## - BIBLIOGRAPHY, ETC. NOTE
Bibliography, etc Include index and bibliography: p. [424]-448.
651 #0 - SUBJECT ADDED ENTRY--GEOGRAPHIC NAME
Geographic name India
General subdivision Politics and government
Chronological subdivision 19th century.
9 (RLIN) 80040
942 ## - ADDED ENTRY ELEMENTS (KOHA)
Source of classification or shelving scheme Dewey Decimal Classification
Koha item type Books
Holdings
Lost status Source of classification or shelving scheme Damaged status Not for loan Collection code Permanent Location Current Location Shelving location Date acquired Source of acquisition Cost, normal purchase price Total Checkouts Full call number Date last seen Copy number Koha item type
  Dewey Decimal Classification     Non-fiction Central Library, University of Rajshahi Central Library, University of Rajshahi Reading Room 09/10/1973 Paramount book cor. 72.00   320.0954 MEE 1971 20/03/2014 C-1 Books
  Dewey Decimal Classification     Non-fiction Central Library, University of Rajshahi Central Library, University of Rajshahi   25/06/1974 India Gov.     320.0954 MEE 1971 26/11/2016 C-2 Books